| 000 | 00571nam a2200217 a 4500 | ||
|---|---|---|---|
| 001 | BRL_267 | ||
| 005 | 20190320210648.0 | ||
| 008 | 170713s1921----fr-a######---#000-0#fre-# | ||
| 041 | _afre | ||
| 044 | _afr | ||
| 050 | 4 |
_aSF105 _b.L46 1921 |
|
| 100 | 1 |
_aLempen, A. _923407 |
|
| 245 | 1 | 0 |
_aChaque Agriculteur un bon Accoucheur de son Bétail _cpar le A. Lempen. |
| 260 |
_a[Francia] _bs.n. _c1921 |
||
| 300 |
_a48 p. _bil. _c23 cm. |
||
| 500 | _aEstado físico : lomo desprendido | ||
| 500 | _aAu2305 | ||
| 650 | 1 | 4 |
_aGanadería _923408 |
| 902 | _aGRL | ||
| 942 |
_2lcc _cB |
||
| 999 |
_c9080 _d9080 |
||